Представление документа в формате RUSMARC

ПолеНазваниеЗначение
  Тип записи a
  Библиографический уровень m
001 Контрольный номер UONB/MAIN/0f5fbc5970ae406cae509823dfd51125
005 Дата корректировки 20260512134254.5
010 Индекс ISBN __
d Цена 1 р. 20 к.
9 Тираж 11500 экз.
b Уточнения в пер.
100 Данные общей обработки __
a Данные общей обработки 20260512d1985 u y0rusy0189 ca
101 Язык документа 0_
a Язык текста rus
102 Страна публикации __
a Страна публикации RU
105 Кодированные данные (монография) __
a Кодированные данные (монография) a z 001yy
200 Заглавие и сведения об ответственности 1_
a Заглавие Звукофикация открытых пространств
f Первые сведения об ответственности М. А. Сапожков
203 Вид содержания и тип средства __
a Вид содержания Текст
b Характеристика содержания визуальный
c Тип средства непосредственный
210 Выходные данные 1_
a Место издания Москва
c Издательство Радио и связь
d Дата издания 1985
215 Физическое описание __
a Объем 304 с.
d Формат 21 см
c Иллюстрации/тип воспроизводства ил.
320 Библиография __
a Библиография Библиогр.: с. 299
320 Библиография __
a Библиография Предм. указ.: 300-302
606 Тематические рубрики 0_
a Основная рубрика Акустика прикладная
606 Тематические рубрики 0_
a Основная рубрика Радиотехнические средства
606 Тематические рубрики 0_
a Основная рубрика Электроакустическая аппаратура
610 Ключевые слова 0_
a Ключевые слова акустика прикладная; радиотехнические средства; электроакустическая аппаратура
675 Индекс УДК __
a Индекс УДК 6Ф2.1
675 Индекс УДК __
a Индекс УДК 6Ф2.7
686 Индексы других классификаций __
a Классификационный индекс 32.87
2 Код системы rubbk
686 Индексы других классификаций __
a Классификационный индекс 38.113
2 Код системы rubbk
700 Автор _1
a Фамилия Сапожков
b Имя (инициалы) М. А.
g Полное личное имя Михаил Андреевич
801 Источник записи _0
a Страна RU
b Организация Ульяновская ОНБ
c Дата составления 20260512
g Правила каталогизации RCR
801 Источник записи _1
a Страна RU
b Организация Ульяновская ОНБ
c Дата составления 20260512
g Правила каталогизации RCR
901 Тип документа __
t Тип документа m
909 Создатель записи __
b Дата создания записи 20260512
a Создатель записи Моргунова